Testimony of the authenticity of the prophecies of Richard Brothers : and of his mission to recall the Jews, /

Bibliographic Details
Main Author: Halhed, Nathaniel Brassey, 1751-1830
Format: Book Chapter
Language:English
Series:Early American imprints. Evans (1639-1800) ; no. 28790.
Subjects:
Online Access:Evans Digital Edition

MARC

Tag First Indicator Second Indicator Subfields
LEADER 00000caa a2200000 a 4500
001 in00002145021
006 m e d #
007 cr mn mmmmabba
008 811008s1795 pau s 000 0 eng d
005 20260331163225.3
035 |z w028281 
035 |a MAAR8110082803B 
035 |9 mwa91-17407 
035 |a 337798 
035 |a aas03028281 
040 |a MWA  |c MWA  |e bdrb  |d UtOrBLW 
100 1 |a Halhed, Nathaniel Brassey,  |d 1751-1830. 
245 1 0 |a Testimony of the authenticity of the prophecies of Richard Brothers :  |b and of his mission to recall the Jews, /  |c by Nathanas printed] Halhed, M.P. ; [One line of Scripture text]. 
264 3 |a Philadelphia :  |b Printed by Francis & Robert Bailey, at Yorick's Head, no. 116, High Street,  |c M.DCC.XCV. [1795] 
300 |a iv, 1 unnumbered page, 6-32 pages ;  |c 22 cm. (octavo) 
336 |a text  |b txt  |2 rdacontent 
337 |a computer  |b c  |2 rdamedia 
338 |a online resource  |b cr  |2 rdacarrier 
500 |a Apparently issued with: A revealed knowledge of the prophecies and times ... Book the first. Philadelphia: Printed by Francis & Robert Bailey ..., MDCCXCV (Evans 28355). 
510 4 |a Evans  |c 28790 
530 |a Microform version available in the Readex Early American Imprints series. 
533 |a Electronic text and image data.  |b [Chester, Vt. :  |c Readex, a division of Newsbank, Inc.,  |d 2002-2004.  |e Includes files in TIFF, GIF and PDF formats with inclusion of keyword searchable text.  |f (Early American imprints. First series ; no. 28790). 
500 |a Electronic resource. 
600 1 0 |a Brothers, Richard,  |d 1757-1824. 
650 0 |a Prophecies. 
650 0 |a Jews  |x Restoration. 
752 |a United States  |b Pennsylvania  |d Philadelphia. 
773 0 |t [Unknown host]. 
830 0 |a Early American imprints.  |n Series I,  |p Evans (1639-1800) ;  |v no. 28790. 
856 4 1 |u http://proxy.library.tamu.edu/login?url=https://opac.newsbank.com/select/evans/28790  |y Evans Digital Edition  |t 0 
999 |a MARS 
999 f f |s fa621693-f94d-31e4-abdc-1d67e1b841b9  |i bcd306c8-e9d4-378d-956a-d2048acd37fa  |t 0 
952 f f |a Texas A&M University  |b College Station  |c Electronic Resources  |s www_evans  |d Available Online  |t 0  |h No information provided 
998 f f |t 0  |l Available Online